Secuencia didáctica que presenta Campeche. ¿Cuando cuentas cuentos que cuentos lees? del libro"Historia portátil de la literatura infantil y juvenil de Ana Garralón."

Guardado en:
Detalles Bibliográficos
Autor principal: Dzul Uc. Guadalupe del Carmen [et al.], (autor)
Formato: Libro
Idioma:Español
Temas:
Acceso en línea:Ver documento en línea
Etiquetas: Agrega una etiqueta
Sin etiquetas, Sé el primero en etiquetar este registro!

MARC

LEADER 00000nam^a2200000^u^4500
001 000515121
005 20260512000000.0
008 101013s1000^^^^^^^^^^^^r^^^^^000^0^spa^d
009 20260512123534.634
035 |a FCE 000059336 
037 |a Acervo ITESO - Biblioteca 
041 |a spa 
082 0 4 |a 290 
100 |a Dzul Uc. Guadalupe del Carmen  |e [et al.]  |e (autor) 
245 1 0 |a Secuencia didáctica que presenta Campeche.  |b ¿Cuando cuentas cuentos que cuentos lees? del libro"Historia portátil de la literatura infantil y juvenil de Ana Garralón." 
246 2 |a También se conoce como Proyecto: Biblioteca para la actualización de maestros BAM. Un recurso para apoyar el trayecto formativo de docentes. 
264 |a México:  |b SEP: SECUD: SGME,  |c 2007. 
300 |a 11 p. 
336 |a texto  |b txt  |2 rdacontenido 
337 |a sin mediación  |b n  |2 rdamedio 
338 |a volumen  |b nc  |2 rdasoporte 
596 |a Archivo en formato PDF. 
596 |a Forma de Acceso: Internet vía la World Wide Web. 
596 |a Requerimientos del sistema. Internet connectivity, World Wide Web browser. 
649 |a XX 
650 |a Taller 
650 |a Literatura infantil y juvenil 
650 |a Formación docente 
650 |a Formación de lectores 
856 4 0 |u https://lectura.dgme.sep.gob.mx/3FormacionYAcomanamiento/2FormacionParaElUsoDeLasBE/5LecturaEnLosCentrosDeMaestros/secuencia_didactica/camp_historiaportatildelitera.pdf  |y Ver documento en línea 
910 |a Fondo Centro de Estudios Educativos 
920 |a Impresos - Libros 
930 |a Fondos Especiales 
905 |a 133 
902 |a https://opac.biblio.iteso.mx/vufind/Record/000515121